000
00312nam a2200121Ia 4500
008
220216s9999 xx 000 0 und d
100
_a
Sooi N G Choong
245
0
_a
Natural rubber: Are we losing our competitiveness ?
260
_b
Planter
_c
1985
300
_a
367-373
650
_a
Natural rubber
942
_c
JS
999
_c
63665
_d
63665